<?xml version="1.0" encoding="UTF-8"?>
<record
    xmlns:xsi="http://www.w3.org/2001/XMLSchema-instance"
    xsi:schemaLocation="http://www.loc.gov/MARC21/slim http://www.loc.gov/standards/marcxml/schema/MARC21slim.xsd"
    xmlns="http://www.loc.gov/MARC21/slim">

  <leader>00654nam a22001577a 4500</leader>
  <controlfield tag="003">LRUA</controlfield>
  <controlfield tag="005">20220830103626.0</controlfield>
  <controlfield tag="008">220830b        xxu||||| |||| 00| 0 eng d</controlfield>
  <datafield tag="040" ind1=" " ind2=" ">
    <subfield code="c">RUA</subfield>
  </datafield>
  <datafield tag="082" ind1=" " ind2=" ">
    <subfield code="2">VEM PAK 2019 B1-558 Or.</subfield>
  </datafield>
  <datafield tag="100" ind1=" " ind2=" ">
    <subfield code="9">15159</subfield>
    <subfield code="a">PAK SOKUNTHEARY,&#x1794;&#x17C9;&#x17B6;&#x1780; &#x179F;&#x17BB;&#x1782;&#x17BB;&#x1793;&#x17D2;&#x1792;&#x17B6;&#x179A;&#x17B8;</subfield>
  </datafield>
  <datafield tag="245" ind1=" " ind2=" ">
    <subfield code="a">FASCIOLA IN CATTLE AT ANLONG TNOUT COMMUNE,KRAKOR DISTRICT,PURSAT PROVINCE,&#x1780;&#x179A;&#x178E;&#x17B8;FASCIOLA&#x179B;&#x17BE;&#x1782;&#x17C4;&#x1780;&#x17D2;&#x1793;&#x17BB;&#x1784;&#x1783;&#x17BB;&#x17C6;&#x17A2;&#x1793;&#x17D2;&#x179B;&#x1784;&#x17CB;&#x178F;&#x17D2;&#x1793;&#x17C4;&#x178F; &#x179F;&#x17D2;&#x179A;&#x17BB;&#x1780;&#x1780;&#x17D2;&#x179A;&#x1782;&#x179A; &#x1781;&#x17C1;&#x178F;&#x17D2;&#x178F;&#x1796;&#x17C4;&#x1792;&#x17B7;&#x17CD;&#x179F;&#x17B6;&#x178F;&#x17CB;</subfield>
  </datafield>
  <datafield tag="260" ind1=" " ind2=" ">
    <subfield code="a">phnom penh</subfield>
    <subfield code="b">rua</subfield>
    <subfield code="c">2019</subfield>
  </datafield>
  <datafield tag="300" ind1=" " ind2=" ">
    <subfield code="a">viii.34p.</subfield>
    <subfield code="b">ill.</subfield>
    <subfield code="c">29cm.</subfield>
  </datafield>
  <datafield tag="942" ind1=" " ind2=" ">
    <subfield code="2">ddc</subfield>
    <subfield code="c">VEM</subfield>
  </datafield>
  <datafield tag="999" ind1=" " ind2=" ">
    <subfield code="c">20399</subfield>
    <subfield code="d">20399</subfield>
  </datafield>
  <datafield tag="952" ind1=" " ind2=" ">
    <subfield code="0">0</subfield>
    <subfield code="1">0</subfield>
    <subfield code="2">ddc</subfield>
    <subfield code="4">0</subfield>
    <subfield code="6">VEM_PAK_2019_000000000000000_B1558_OR</subfield>
    <subfield code="7">0</subfield>
    <subfield code="9">90886</subfield>
    <subfield code="a">LBB</subfield>
    <subfield code="b">LBB</subfield>
    <subfield code="c">B1.558</subfield>
    <subfield code="d">2022-08-30</subfield>
    <subfield code="o">VEM PAK 2019  B1-558 Or.</subfield>
    <subfield code="p">A070359</subfield>
    <subfield code="r">2022-08-30</subfield>
    <subfield code="w">2022-08-30</subfield>
    <subfield code="y">VEM</subfield>
  </datafield>
  <datafield tag="952" ind1=" " ind2=" ">
    <subfield code="0">0</subfield>
    <subfield code="1">0</subfield>
    <subfield code="2">ddc</subfield>
    <subfield code="4">0</subfield>
    <subfield code="6">VEM_PAK_2019_000000000000000_B1558_OR</subfield>
    <subfield code="7">0</subfield>
    <subfield code="9">90887</subfield>
    <subfield code="a">LBB</subfield>
    <subfield code="b">LBB</subfield>
    <subfield code="c">B1.558</subfield>
    <subfield code="d">2022-08-30</subfield>
    <subfield code="o">VEM PAK 2019  B1-558 Or.</subfield>
    <subfield code="p">A070387</subfield>
    <subfield code="r">2022-08-30</subfield>
    <subfield code="w">2022-08-30</subfield>
    <subfield code="y">VEM</subfield>
  </datafield>
  <datafield tag="952" ind1=" " ind2=" ">
    <subfield code="0">0</subfield>
    <subfield code="1">0</subfield>
    <subfield code="2">ddc</subfield>
    <subfield code="4">0</subfield>
    <subfield code="6">VEM_PAK_2019_000000000000000_B1558_OR</subfield>
    <subfield code="7">0</subfield>
    <subfield code="9">90888</subfield>
    <subfield code="a">LBB</subfield>
    <subfield code="b">LBB</subfield>
    <subfield code="c">B1.558</subfield>
    <subfield code="d">2022-08-30</subfield>
    <subfield code="o">VEM PAK 2019  B1-558 Or.</subfield>
    <subfield code="p">A070363</subfield>
    <subfield code="r">2022-08-30</subfield>
    <subfield code="w">2022-08-30</subfield>
    <subfield code="y">VEM</subfield>
  </datafield>
  <datafield tag="952" ind1=" " ind2=" ">
    <subfield code="0">0</subfield>
    <subfield code="1">0</subfield>
    <subfield code="2">ddc</subfield>
    <subfield code="4">0</subfield>
    <subfield code="6">VEM_PAK_2019_000000000000000_B1558_OR</subfield>
    <subfield code="7">0</subfield>
    <subfield code="9">90889</subfield>
    <subfield code="a">LBB</subfield>
    <subfield code="b">LBB</subfield>
    <subfield code="c">B1.558</subfield>
    <subfield code="d">2022-08-30</subfield>
    <subfield code="o">VEM PAK 2019  B1-558 Or.</subfield>
    <subfield code="p">A070596</subfield>
    <subfield code="r">2022-08-30</subfield>
    <subfield code="w">2022-08-30</subfield>
    <subfield code="y">VEM</subfield>
  </datafield>
  <datafield tag="952" ind1=" " ind2=" ">
    <subfield code="0">0</subfield>
    <subfield code="1">0</subfield>
    <subfield code="2">ddc</subfield>
    <subfield code="4">0</subfield>
    <subfield code="6">VEM_PAK_2019_000000000000000_B1558_OR</subfield>
    <subfield code="7">0</subfield>
    <subfield code="9">90890</subfield>
    <subfield code="a">LBB</subfield>
    <subfield code="b">LBB</subfield>
    <subfield code="c">B1.558</subfield>
    <subfield code="d">2022-08-30</subfield>
    <subfield code="o">VEM PAK 2019  B1-558 Or.</subfield>
    <subfield code="p">A070291</subfield>
    <subfield code="r">2022-08-30</subfield>
    <subfield code="w">2022-08-30</subfield>
    <subfield code="y">VEM</subfield>
  </datafield>
  <datafield tag="952" ind1=" " ind2=" ">
    <subfield code="0">0</subfield>
    <subfield code="1">0</subfield>
    <subfield code="2">ddc</subfield>
    <subfield code="4">0</subfield>
    <subfield code="6">VEM_PAK_2019_000000000000000_B1558_OR</subfield>
    <subfield code="7">0</subfield>
    <subfield code="9">90891</subfield>
    <subfield code="a">LBB</subfield>
    <subfield code="b">LBB</subfield>
    <subfield code="c">B1.558</subfield>
    <subfield code="d">2022-08-30</subfield>
    <subfield code="o">VEM PAK 2019  B1-558 Or.</subfield>
    <subfield code="p">A070279</subfield>
    <subfield code="r">2022-08-30</subfield>
    <subfield code="w">2022-08-30</subfield>
    <subfield code="y">VEM</subfield>
  </datafield>
</record>
